| 000 | 00745nam a2200229 i 4500 | ||
|---|---|---|---|
| 001 | 124741 | ||
| 003 | ES-MaACL | ||
| 005 | 20230906192503.0 | ||
| 007 | t| | ||
| 008 | 070418s1924 sp ||||1| spa d | ||
| 080 | _a860-23"19" | ||
| 100 | 1 |
_aLópez Pinillos, José. _973892 |
|
| 245 | 1 | 3 |
_aLa red _b: drama en tres actos / _coriginal de José López Pinillos (Parmeno) [seud.]. |
| 260 |
_a[Madrid : _bLa Novela Teatral, _c1924] |
||
| 300 |
_a16 h. ; _c20 cm. |
||
| 490 | 1 |
_aLa novela teatral ; _v393 |
|
| 500 | _aEn la cub. caricatura de Antonio Estévez por Tovar. | ||
| 700 | 0 |
_aTovar _c, ilustrador. _9157378 |
|
| 830 | 0 |
_aLa novela teatral ; _v393 _9122427 |
|
| 852 |
_aES-MaACL _j2216-F-42 _bR.138816 |
||
| 999 |
_c124741 _d124741 |
||